Ochrana práv a zmluvné vzťahy v oblasti priemyselného designu /

Saved in:
Bibliographic Details
Main Author: Mrázová, Margita
Format: Book
Language:Slovak
Published: Bratislava : Slovak design centrum, 1993
Edition:1. vyd.
Subjects:
ISBN:8096700510
Online Access: Get full text
Tags: Add Tag
No Tags, Be the first to tag this record!

MARC

LEADER 00000nam a2200000 4500
003 SK-BrCVT
005 20220617171611.0
008 940221s1993 xo e ||||||slo d
020 |a 8096700510 
035 |a CVTIDW0917747 
040 |b slo  |a CVTI SR 
041 0 |a slo 
044 |a xo 
080 |a 658.512.23:34  |2 UDC-MRF 
100 1 |a Mrázová, Margita 
245 1 0 |a Ochrana práv a zmluvné vzťahy v oblasti priemyselného designu /  |c Margita Mrázová 
250 |a 1. vyd. 
260 |a Bratislava :  |b Slovak design centrum,  |c 1993 
300 |a 63 s. :  |b lit. ; 
653 1 |a licenčná zmluva  |a autorské dielo  |a priemyselné vlastníctvo 
910 |b A541057 
919 |a 80-967005-1-0 
974 |f Knihy 
992 |a IZK 
999 |c 76513  |d 76513